000 00556nam a22001817a 4500
003 OSt
005 20110516122448.0
008 110514t xxu||||| |||| 00| 0 eng d
020 _a040602409X
040 _aLDC
082 _a031 ENC
245 _aThe Encyclopaedia of forms and precedents : Trusts and Settlements Vol.40 /
250 _a5th ed. _
260 _aLondon :
_bButterworths,
_c1993-
300 _av;
942 _2ddc
_cREF
999 _c2004
_d2004